000
00320 a2200157 4500
001
182696
020
_a
85-359-0246-5
040
_c
Magnum
100
_a
Scliar, Moacyr
240
1
0
_a
Éden - Brasil
_l
por
245
1
0
_a
Éden - Brasil
300
_a
136
362
0
_a
2002
697
_a
LITERATURA GERAL
942
_c
BK
999
_c
182696
_d
182696